Numbers in several languages - Statistics

General Stats
  • This quiz has been taken 10 times
  • The average score is 23 of 30
Answer Stats
Language and Number Answer % Correct
Catalan - 5 Cinc
100%
Spanish - 5 Cinco
100%
French - 5 Cinque
100%
Italian - 5 Cinque
100%
Catalan - 2 Dos
100%
Spanish - 2 Dos
100%
Kurdish - 2 Du
100%
Italian - 2 Due
100%
Italian - 4 Quatro
100%
Italian - 3 Tre
100%
Catalan - 3 Tres
100%
Spanish - 3 Tres
100%
French - 3 Trois
100%
Catalan - 1 U
100%
French - 1 Un
100%
Italian - 1 Uno
100%
Spanish - 1 Uno
100%
Spanish - 4 Cuatro
88%
French - 2 Deux
88%
French - 4 Quatre
75%
Catalan - 4 Quatre
75%
Polish - 2 Dwa
50%
Polish - 3 Trzy
50%
Polish - 4 Cztery
38%
Kurdish - 1 Yek
38%
Kurdish - 4 Çar
25%
Polish - 1 Raz
25%
Kurdish - 5 Pênc
13%
Polish - 5 Pięc̀
13%
Kurdish - 3 Sê
13%
No matching quizzes found
Score Distribution
Percent of People with Each Score
Percentile by Number Answered
Your Score History
You have not taken this quiz